000 00409nam a2200181Ia 4500
001 10594
005 20260306161843.0
008 260306t2005||||xx |||||||||||||| ||spa||
041 _aESP
082 _a943.031
_bS764
100 _aSoisson, Jean-Pierre
_eAUT
245 0 _aCarlos V
260 _c2005
300 _a349 páginas :
_c22 cm.
650 _aGEN
654 _aCHU
942 _cLIB
_dJUS
_fJUS
_2ddc
_n
999 _c10594
_d10594